| 000 | 00462nam a22001697a 4500 | ||
|---|---|---|---|
| 003 | OSt | ||
| 005 | 20140310181715.0 | ||
| 008 | 121217t xxu||||| |||| 00| 0 eng d | ||
| 050 |
_aPE 1130 _b.S487 1963 |
||
| 082 |
_aFIL 415.599 _bSe6 1972 |
||
| 245 |
_aBetter english for Philippine high schools. / _cJosephine Serrano. |
||
| 260 |
_aQuezon City : _bPhoenix, _c c1963. |
||
| 300 |
_aviii, 187 p. : _b ill. ; |
||
| 562 | _e1 | ||
| 942 |
_2lcc _cBK |
||
| 999 |
_c1757 _d1757 |
||